000 00861cam a2200193 i 4500
005 20260204112546.0
008 250721s2001 jo gr 000 0 ara d
082 1 4 _a378.9565
_bن د و
111 2 _aندوة التعليم الجامعي في الأردن بين الواقع و الطموح :
_cعمان :
_d9-8 من شهر تشرين الثاني/ نوفمبر لعام 2000
245 1 0 _aالتعليم الجامعي في الأردن بين الواقع والطموح /
_cسامي خصاونة [وسبعة عشر آخرون] ؛ تحرير علي محافظة.
250 _aالطبعة الأولى.
264 3 1 _aعمان :
_bدار الفارس،
_c2001.
300 _a526 صفحة.
650 1 7 _aالتعليم العالي.
650 1 7 _aالتطوير.
650 1 7 _aالأردن.
942 _2ddc
_cBK
999 _c32610
_d32610